[Event "IECG CN.2001.0.00256"]
[Site "IECG email"]
[Date "2001.07.25"]
[Round "?"]
[White "Kai, Frank"]
[Black "Querre, Philippe"]
[Result "0-1"]
[WhiteElo "800"]
[BlackElo "800"]
[PlyCount "38"]
[EventDate "2001.07.25"]
[EventType "tourn (corr)"]
[EventRounds "6"]
[SourceTitle "Corr 2008"]
[Source "ChessBase"]
[SourceDate "2008.06.24"]
[SourceVersion "1"]
[SourceVersionDate "2008.06.24"]
[SourceQuality "1"]

1. d4 Nf6 2. c4 g6 3. Nc3 Bg7 4. e4 d6 5. Bf4 0-0 6. Qc2 Nc6 7. 0-0-0 Ng4 8. Nf3 Nxd4 9. Nxd4 e5 10. Nde2 Nxf2 11. Be3 Nxh1 12. c5 Qh4 13. Qd2 Nf2 14. Bxf2 Qxf2 15. Nd5 Qxc5+ 16. Kb1 c6 17. Ne7+ Kh8 18. Qg5 Be6 19. Rc1 Qf2 0-1

[Event "IECG CN.2001.0.00256"]
[Site "IECG email"]
[Date "2001.07.25"]
[Round "?"]
[White "Torre, Leandro"]
[Black "Kai, Frank"]
[Result "1/2-1/2"]
[WhiteElo "800"]
[BlackElo "800"]
[PlyCount "101"]
[EventDate "2001.07.25"]
[EventType "tourn (corr)"]
[EventRounds "6"]
[SourceTitle "Corr 2008"]
[Source "ChessBase"]
[SourceDate "2008.06.24"]
[SourceVersion "1"]
[SourceVersionDate "2008.06.24"]
[SourceQuality "1"]

1. e4 g6 2. d4 c6 3. Nf3 d5 4. exd5 cxd5 5. c4 Nf6 6. Nc3 e6 7. Bg5 Bg7 8. Qb3 dxc4 9. Bxc4 0-0 10. 0-0 Nc6 11. Rad1 Na5 12. Qb4 Nxc4 13. Qxc4 Qa5 14. Rfe1 Nd5 15. Nxd5 exd5 16. Qb3 Bg4 17. a3 b5 18. Qxd5 h6 19. Bd2 Qb6 20. Bc3 a5 21. b4 axb4 22. Bxb4 Rfe8 23. h3 Bxf3 24. Qxf3 Bxd4 25. Rxe8+ Rxe8 26. Qf4 Be5 27. Qxh6 Bg3 28. Bc3 Be5 29. Bxe5 Rxe5 30. Qf4 Rf5 31. Qh4 g5 32. Qd4 Qxd4 33. Rxd4 Kg7 34. f3 Rc5 35. Rb4 Kg6 36. Re4 Kf6 37. Kf2 Rc2+ 38. Re2 Rc3 39. Re3 Rc5 40. Re2 Kg6 41. g4 f6 42. Re3 Kg7 43. Ke1 Rc2 44. Kd1 Rh2 45. Rd3 Rxh3 46. Kc2 Kg6 47. Kc3 f5 48. gxf5+ Kxf5 49. Kb4 Kf4 50. Kxb5 g4 51. fxg4 1/2-1/2

[Event "IECC M email"]
[Site "IECC email"]
[Date "2001.07.11"]
[Round "?"]
[White "Kai, Frank"]
[Black "Pfeiffer, Andre"]
[Result "0-1"]
[WhiteElo "1500"]
[BlackElo "1779"]
[PlyCount "44"]
[EventDate "2001.??.??"]
[EventType "tourn (corr)"]
[EventRounds "6"]
[SourceTitle "Corr 2008"]
[Source "ChessBase"]
[SourceDate "2008.06.24"]
[SourceVersion "1"]
[SourceVersionDate "2008.06.24"]
[SourceQuality "1"]

1. d4 h6 2. e4 g5 3. Na3 Bg7 4. c3 d5 5. exd5 Qxd5 6. Be3 Nf6 7. Nf3 Ng4 8. Bc4 Nxe3 9. fxe3 Qe4 10. 0-0 Rf8 11. Qd2 Bg4 12. d5 Nd7 13. Bb5 0-0-0 14. Nd4 Qxd5 15. c4 Qe4 16. Nc6 bxc6 17. Ba6+ Kb8 18. Rf2 Nb6 19. Qb4 f5 20. Nc2 Bd1 21. a4 Bxc2 22. a5 Qxe3 0-1

[Event "IECC M email"]
[Site "IECC email"]
[Date "2001.07.11"]
[Round "?"]
[White "Pfeiffer, Andre"]
[Black "Kai, Frank"]
[Result "1-0"]
[WhiteElo "1774"]
[BlackElo "1494"]
[PlyCount "39"]
[EventDate "2001.??.??"]
[EventType "tourn (corr)"]
[EventRounds "6"]
[SourceTitle "Corr 2008"]
[Source "ChessBase"]
[SourceDate "2008.06.24"]
[SourceVersion "1"]
[SourceVersionDate "2008.06.24"]
[SourceQuality "1"]

1. g4 e5 2. Bg2 a5 3. e4 Nc6 4. d3 Nge7 5. Nc3 Ng6 6. Nf3 d6 7. h3 Be7 8. Be3 h5 9. g5 h4 10. Nd5 Be6 11. c3 Qd7 12. Qb3 0-0 13. Qxb7 Rfc8 14. Qb3 Rcb8 15. Qc2 Bd8 16. d4 Nce7 17. Nxe7+ Qxe7 18. d5 Bc8 19. c4 Bb7 20. c5 1-0